000 00287nam a22001337a 4500
008 170906b xxu||||| |||| 00| 0 eng d
020 _a9780810946262
041 _aeng
080 _a72
100 _a41
101 _aARK
245 _aWRIGHT-SIZED HOUSES
_cMADDEX, D
942 _2udc
_cBK
999 _c26236
_d26236